Home Herbal (Record no. 609216)
[ view plain ]
| 000 -LEADER | |
|---|---|
| fixed length control field | 00303nam a22001337a 4500 |
| 020 ## - INTERNATIONAL STANDARD BOOK NUMBER | |
| International Standard Book Number | 9780756671839 |
| 040 ## - CATALOGING SOURCE | |
| Transcribing agency | nust |
| 082 ## - DEWEY DECIMAL CLASSIFICATION NUMBER | |
| Classification number | 615.321 |
| Author Mark | STE |
| 100 ## - MAIN ENTRY--PERSONAL NAME | |
| Personal name | Steel, Susannah |
| 9 (RLIN) | 122777 |
| 245 ## - TITLE STATEMENT | |
| Title | Home Herbal |
| 260 ## - PUBLICATION, DISTRIBUTION, ETC. | |
| Place of publication, distribution, etc. | New York: |
| Name of publisher, distributor, etc. | Dk, |
| Date of publication, distribution, etc. | 2011. |
| 650 ## - SUBJECT ADDED ENTRY--TOPICAL TERM | |
| Topical term or geographic name entry element | Home Herbal |
| 9 (RLIN) | 122778 |
| 942 ## - ADDED ENTRY ELEMENTS (KOHA) | |
| Source of classification or shelving scheme | |
| Koha item type | Book |
No items available.
